000 00483nam a2200181Ia 4500
005 20250423101358.0
008 250422s9999 xx 000 0 und d
020 _a0809206935
050 _aPE 1126.A4 .S698/
100 _aSteiner,Barbara
245 4 _aThe party Boat Murders
260 _aChicago
260 _bCotemporary books
260 _c1998
300 _a126 p
650 _a Readers for new literates. Readers--Detective and mystery stories.
942 _cBK
999 _c36136
_d36136